000 00472nam a22001937a 4500
005 20200312152453.0
008 200312b xxu||||| |||| 00| 0 eng d
020 _a9781529014914
_c₹ 399
040 _beng
041 _aEnglish
082 _aF
_bARC
100 _aArcher, Jeffrey
245 _aNothing ventured
_cJeffrey Archer
260 _aLondon
_bPan Macmillan
_c2019
300 _a324p
_b23 cm
650 _aFiction in English
850 _aLCLIB
942 _cBK
999 _c42671
_d93150